[Event "14th Iranian Super League (Men - 1st Season) 2015 "]
[Site "Mazandaran (Sari)"]
[Date "2015.07.17"]
[Round "1"]
[Board "3"]
[White "Asgharzadeh, M.Reza"]
[Black "Faghirnavaz, Ali"]
[Result "1-0"]
[WhiteElo "2304"]
[BlackElo "2327"]
[PlyCount "0"]
[EventDate "2015.07.17"]
[EventType "team"]
[EventRounds "13"]
[EventCountry "IRI"]
[WhiteTeam "Damoon sakht Shomal"]
[BlackTeam "Perspolis Tehran"]

1. d4 {[%clk 1:29:29]} Nf6 {[%clk 1:30:12]} 2. c4 {[%clk 1:29:52]} e6
{[%clk 1:29:34]} 3. Nc3 {[%clk 1:30:14]} Bb4 {[%clk 1:29:17]} 4. e3
{[%clk 1:30:37]} O-O {[%clk 1:28:58]} 5. Nge2 {[%clk 1:30:59]} d5
{[%clk 1:28:49]} 6. a3 {[%clk 1:31:19]} Bd6 {[%clk 1:28:56]} 7. c5
{[%clk 1:25:09]} Be7 {[%clk 1:29:20]} 8. b4 {[%clk 1:25:31]} b6 {[%clk 1:28:01]}
9. Nf4 {[%clk 1:23:29]} c6 {[%clk 1:27:42]} 10. Nd3 {[%clk 1:22:51]} Qc7
{[%clk 1:19:53]} 11. Be2 {[%clk 1:19:42]} Nbd7 {[%clk 1:18:44]} 12. O-O
{[%clk 1:17:09]} bxc5 {[%clk 1:17:58]} 13. dxc5 e5 {[%clk 1:05:56]} 14. f3
{[%clk 1:14:51]} a5 {[%clk 0:57:25]} 15. Bb2 {[%clk 1:13:08]} Ba6
{[%clk 0:52:55]} 16. Nc1 {[%clk 1:07:35]} Qb7 {[%clk 0:48:50]} 17. Bxa6
{[%clk 0:46:08]} Rxa6 {[%clk 0:48:52]} 18. Nd3 {[%clk 0:45:58]} e4
{[%clk 0:34:57]} 19. fxe4 {[%clk 0:46:01]} dxe4 {[%clk 0:35:25]} 20. Nf2
{[%clk 0:45:44]} axb4 {[%clk 0:26:29]} 21. axb4 {[%clk 0:45:34]} Rxa1
{[%clk 0:26:33]} 22. Bxa1 {[%clk 0:45:47]} Qxb4 {[%clk 0:26:49]} 23. Ncxe4
{[%clk 0:45:55]} Nxe4 {[%clk 0:21:07]} 24. Qg4 {[%clk 0:27:21]} Ndf6
{[%clk 0:05:33]} 25. Bxf6 {[%clk 0:27:21]} Bxf6 {[%clk 0:06:01]} 26. Nxe4
{[%clk 0:27:40]} Bc3 {[%clk 0:06:30]} 27. Nf6+ {[%clk 0:18:47]} Kh8
{[%clk 0:06:45]} 28. Qxb4 Bxb4 {[%clk 0:07:08]} 29. Nd7 {[%clk 0:19:39]} Re8
{[%clk 0:06:29]} 30. Rxf7 {[%clk 0:19:57]} h6 {[%clk 0:06:39]} 31. Kf2
{[%clk 0:19:24]} Kg8 {[%clk 0:06:25]} 32. Rf5 {[%clk 0:18:48]} Re7
{[%clk 0:03:30]} 33. Rf8+ {[%clk 0:11:14]} Kh7 {[%clk 0:03:59]} 34. Rd8
{[%clk 0:11:44]} Kg6 {[%clk 0:01:12]} 35. Ke2 {[%clk 0:10:00]} Kf5
{[%clk 0:00:46]} 36. Rb8 {[%clk 0:08:47]} Rxd7 {[%clk 0:00:34]} 37. Rxb4
{[%clk 0:09:15]} Ke5 {[%clk 0:00:55]} 38. h4 {[%clk 0:09:18]} h5 {[%clk 0:00:50]}
39. Rf4 {[%clk 0:07:44]} Ra7 {[%clk 0:00:34]} 40. Rf8 {[%clk 0:07:50]} Ke4
{[%clk 0:00:39]} 41. Rf4+ {[%clk 0:07:36]} Kd5 {[%clk 0:00:36]} 42. Rf5+
{[%clk 0:07:36]} Ke4 {[%clk 0:01:00]} 43. Rxh5 {[%clk 0:05:26]} Ra2+
{[%clk 0:01:16]} 44. Kf1 {[%clk 0:05:55]} Kxe3 {[%clk 0:01:36]} 45. Re5+
{[%clk 0:06:07]} Kf4 {[%clk 0:00:57]} 46. Rg5 {[%clk 0:06:31]} Ra7
{[%clk 0:00:41]} 47. Kg1 {[%clk 0:06:36]} Re7 {[%clk 0:00:32]} 48. Kh2
{[%clk 0:07:04]} Ke4 {[%clk 0:00:34]} 49. Kh3 {[%clk 0:06:24]} Kf4
{[%clk 0:00:37]} 50. g3+ {[%clk 0:06:45]} Kf3 {[%clk 0:00:55]} 51. Rf5+
{[%clk 0:07:07]} Ke4 {[%clk 0:01:24]} 52. Kg4 {[%clk 0:07:09]} Kd4
{[%clk 0:00:57]} 53. Kh5 {[%clk 0:06:02]} Re6 {[%clk 0:01:01]} 54. Rg5
{[%clk 0:06:26]} Rh6+ {[%clk 0:00:35]} 55. Kg4 {[%clk 0:06:54]} g6
{[%clk 0:00:43]} 56. Kf4 {[%clk 0:07:00]} Rh8 {[%clk 0:00:56]} 57. Rxg6
{[%clk 0:07:22]} Kxc5 {[%clk 0:01:25]} 58. Kg5 {[%clk 0:07:30]} Kd5
{[%clk 0:01:44]} 59. h5 {[%clk 0:07:53]} c5 {[%clk 0:02:03]} 60. h6
{[%clk 0:08:16]} Ke5 {[%clk 0:01:54]} 61. Rg7 {[%clk 0:08:42]} c4
{[%clk 0:02:07]} 62. h7 {[%clk 0:08:16]} c3 {[%clk 0:02:05]} 63. Kg6
{[%clk 0:08:43]} Rc8 {[%clk 0:02:17]} 64. Rg8 {[%clk 0:08:17]} 1-0

[Event "14th Iranian Super League (Men - 1st Season) 2015 "]
[Site "Mazandaran (Sari)"]
[Date "2015.07.17"]
[Round "1"]
[Board "2"]
[White "Godarz, Kasra"]
[Black "Ghaem Maghami, Ehsan"]
[Result "0-1"]
[WhiteElo "2082"]
[BlackElo "2570"]
[PlyCount "0"]
[EventDate "2015.07.17"]
[EventType "team"]
[EventRounds "13"]
[EventCountry "IRI"]
[WhiteTeam "Faravardehai nasouz Azarakhsh"]
[BlackTeam "Shahrdari Tabriz"]

1. e4 {[%clk 1:30:37]} c5 {[%clk 1:30:35]} 2. c3 {[%clk 1:30:52]} Nf6
{[%clk 1:30:26]} 3. e5 {[%clk 1:30:48]} Nd5 {[%clk 1:30:51]} 4. d4
{[%clk 1:30:54]} cxd4 {[%clk 1:31:12]} 5. Nf3 {[%clk 1:31:17]} Nc6
{[%clk 1:30:55]} 6. cxd4 {[%clk 1:31:33]} d6 {[%clk 1:31:15]} 7. Bc4
{[%clk 1:31:55]} Nb6 {[%clk 1:21:55]} 8. Bb5 {[%clk 1:31:41]} Bd7
{[%clk 1:21:40]} 9. Nc3 {[%clk 1:20:50]} dxe5 {[%clk 1:12:12]} 10. dxe5
{[%clk 1:19:31]} g6 11. O-O {[%clk 1:15:01]} Bg7 {[%clk 1:11:47]} 12. Qe2
{[%clk 1:12:06]} O-O {[%clk 1:08:48]} 13. Bf4 {[%clk 1:10:00]} a6
{[%clk 1:04:45]} 14. Bxc6 {[%clk 1:09:13]} Bxc6 {[%clk 1:05:08]} 15. Rfd1
{[%clk 1:08:23]} Nd5 {[%clk 0:55:27]} 16. Qc4 {[%clk 1:03:39]} e6
{[%clk 0:55:13]} 17. Bg3 {[%clk 0:47:57]} Qb6 {[%clk 0:50:14]} 18. Nxd5
{[%clk 0:42:47]} Bxd5 {[%clk 0:50:21]} 19. Qd4 {[%clk 0:43:07]} Qxd4
{[%clk 0:49:54]} 20. Nxd4 {[%clk 0:43:29]} Rfc8 {[%clk 0:49:36]} 21. f3
{[%clk 0:43:40]} Rc7 {[%clk 0:47:46]} 22. Ne2 {[%clk 0:38:46]} Rc2
{[%clk 0:44:50]} 23. Nc3 {[%clk 0:38:46]} Bc6 {[%clk 0:43:32]} 24. Rab1
{[%clk 0:36:47]} g5 {[%clk 0:42:36]} 25. Rdc1 {[%clk 0:35:55]} Rd2
{[%clk 0:42:52]} 26. Rd1 {[%clk 0:36:08]} Rad8 {[%clk 0:43:17]} 27. Kf1
{[%clk 0:25:13]} h5 {[%clk 0:35:19]} 28. h3 {[%clk 0:22:38]} h4 {[%clk 0:32:25]}
29. Bh2 {[%clk 0:19:00]} R8d7 {[%clk 0:32:25]} 30. Re1 {[%clk 0:17:07]} Bxf3
{[%clk 0:32:23]} 31. gxf3 {[%clk 0:17:03]} Rxh2 {[%clk 0:32:44]} 32. Re2
{[%clk 0:15:03]} Rxh3 {[%clk 0:31:26]} 33. Kg2 {[%clk 0:15:15]} Rg3+
{[%clk 0:31:50]} 34. Kf2 {[%clk 0:15:41]} Rd3 {[%clk 0:32:15]} 35. Re3
{[%clk 0:15:44]} Rxe3 {[%clk 0:32:25]} 36. Kxe3 {[%clk 0:16:11]} Bxe5
{[%clk 0:32:44]} 37. Ne4 {[%clk 0:16:26]} Rg2 {[%clk 0:33:07]} 38. b4
{[%clk 0:16:01]} h3 {[%clk 0:33:18]} 39. Kd4 0-1

[Event "14th Iranian Super League (Men - 1st Season) 2015 "]
[Site "Mazandaran (Sari)"]
[Date "2015.07.17"]
[Round "1"]
[Board "3"]
[White "Golizadeh, Asghar"]
[Black "Vojdani, Siavosh"]
[Result "1-0"]
[WhiteElo "2448"]
[BlackElo "2030"]
[PlyCount "0"]
[EventDate "2015.07.17"]
[EventType "team"]
[EventRounds "13"]
[EventCountry "IRI"]
[WhiteTeam "Shahrdari Tabriz"]
[BlackTeam "Faravardehai nasouz Azarakhsh"]

1. e4 {[%clk 1:30:59]} c5 {[%clk 1:30:51]} 2. Nc3 {[%clk 1:31:24]} Nc6
{[%clk 1:31:08]} 3. f4 {[%clk 1:31:48]} g6 {[%clk 1:31:29]} 4. Nf3
{[%clk 1:32:12]} Bg7 {[%clk 1:31:49]} 5. Bb5 {[%clk 1:32:40]} a6 {[%clk 1:24:18]}
6. Bxc6 {[%clk 1:32:55]} dxc6 {[%clk 1:24:41]} 7. O-O {[%clk 1:32:23]} Nf6
{[%clk 1:24:41]} 8. d3 {[%clk 1:32:08]} O-O {[%clk 1:23:37]} 9. Qe1
{[%clk 1:31:30]} Nd7 {[%clk 1:11:59]} 10. Be3 {[%clk 1:30:51]} b5
{[%clk 1:09:23]} 11. e5 f6 {[%clk 0:59:50]} 12. e6 {[%clk 1:30:02]} Nb6
{[%clk 1:00:10]} 13. Bxc5 {[%clk 1:30:07]} Nd5 {[%clk 1:00:22]} 14. Nd4
{[%clk 1:29:29]} f5 {[%clk 0:55:28]} 15. Kh1 {[%clk 1:18:15]} Bxd4
{[%clk 0:45:56]} 16. Bxd4 {[%clk 1:18:33]} Qd6 {[%clk 0:45:07]} 17. Nxd5
{[%clk 1:16:48]} Qxd5 {[%clk 0:44:16]} 18. Bc3 {[%clk 1:10:52]} Qxe6
{[%clk 0:40:56]} 19. Qh4 {[%clk 1:10:45]} Qf7 {[%clk 0:41:04]} 20. Rae1
{[%clk 1:11:00]} Ra7 {[%clk 0:37:41]} 21. Re3 {[%clk 1:08:52]} e6
{[%clk 0:32:51]} 22. Qh6 {[%clk 1:07:27]} Rd8 {[%clk 0:24:48]} 23. h4
{[%clk 1:04:31]} Qf8 {[%clk 0:19:38]} 24. Qg5 {[%clk 1:04:16]} Kf7
{[%clk 0:19:35]} 25. Rfe1 {[%clk 1:00:06]} Qe7 {[%clk 0:16:32]} 26. Qh6
{[%clk 1:00:25]} Ke8 {[%clk 0:16:52]} 27. h5 {[%clk 0:55:37]} Qf7
{[%clk 0:15:49]} 28. Rg3 {[%clk 0:50:41]} Qf8 {[%clk 0:13:16]} 29. Qg5
{[%clk 0:50:39]} Qf7 {[%clk 0:12:29]} 30. Ba5 {[%clk 0:47:09]} Rdd7
{[%clk 0:11:29]} 31. hxg6 {[%clk 0:47:04]} hxg6 {[%clk 0:11:45]} 32. Rh3
{[%clk 0:47:27]} Qg8 {[%clk 0:10:50]} 33. Kg1 {[%clk 0:45:18]} Re7
{[%clk 0:08:53]} 34. Qf6 {[%clk 0:45:32]} Qg7 {[%clk 0:08:22]} 35. Rh8+
{[%clk 0:45:52]} Kd7 {[%clk 0:08:37]} 36. Rd8# 1-0

[Event "14th Iranian Super League (Men - 1st Season) 2015 "]
[Site "Mazandaran (Sari)"]
[Date "2015.07.17"]
[Round "1"]
[Board "2"]
[White "Tahbaz, Arash"]
[Black "Tari, Aryan"]
[Result "0-1"]
[WhiteElo "2296"]
[BlackElo "2499"]
[PlyCount "0"]
[EventDate "2015.07.17"]
[EventType "team"]
[EventRounds "13"]
[EventCountry "IRI"]
[WhiteTeam "Donya felez Rasht"]
[BlackTeam "Sipa"]

1. e4 {[%clk 1:30:13]} e5 {[%clk 1:30:40]} 2. Nf3 {[%clk 1:30:34]} Nc6
{[%clk 1:30:52]} 3. Bb5 {[%clk 1:30:42]} a6 {[%clk 1:30:59]} 4. Ba4
{[%clk 1:31:10]} Nf6 {[%clk 1:31:05]} 5. O-O {[%clk 1:31:33]} Be7
{[%clk 1:31:01]} 6. Re1 {[%clk 1:31:18]} b5 {[%clk 1:31:10]} 7. Bb3
{[%clk 1:31:47]} d6 {[%clk 1:31:17]} 8. c3 {[%clk 1:31:54]} O-O {[%clk 1:31:18]}
9. h3 {[%clk 1:32:18]} Na5 {[%clk 1:31:23]} 10. Bc2 {[%clk 1:32:39]} c5
{[%clk 1:31:34]} 11. d4 {[%clk 1:33:04]} Nd7 {[%clk 1:32:00]} 12. Nbd2
{[%clk 1:30:32]} exd4 {[%clk 1:32:01]} 13. cxd4 {[%clk 1:31:00]} Nc6
{[%clk 1:32:21]} 14. Nf1 {[%clk 1:18:54]} cxd4 {[%clk 1:27:31]} 15. Nxd4
{[%clk 1:17:37]} Nxd4 {[%clk 1:27:27]} 16. Qxd4 {[%clk 1:18:05]} Ne5
{[%clk 1:27:43]} 17. Ne3 Bxh3 {[%clk 1:17:23]} 18. Bb3 {[%clk 0:57:32]} Be6
{[%clk 1:09:28]} 19. Nd5 {[%clk 0:57:07]} Bf6 {[%clk 1:06:00]} 20. Nxf6+
{[%clk 0:52:31]} Qxf6 {[%clk 1:05:10]} 21. Qxd6 {[%clk 0:50:03]} Rfd8
{[%clk 1:04:43]} 22. Qb6 {[%clk 0:49:45]} Qg6 {[%clk 1:03:26]} 23. Qe3
{[%clk 0:38:46]} Rd3 {[%clk 1:02:50]} 24. Qg5 {[%clk 0:39:05]} Qxg5
{[%clk 1:02:59]} 25. Bxg5 {[%clk 0:39:33]} Bxb3 {[%clk 1:03:17]} 26. axb3
{[%clk 0:40:02]} Rxb3 {[%clk 1:03:35]} 27. Bd2 {[%clk 0:33:44]} Nc4
{[%clk 1:01:46]} 28. Bc3 {[%clk 0:34:14]} Nxb2 {[%clk 0:55:24]} 29. Bxb2
{[%clk 0:34:42]} Rxb2 {[%clk 0:55:46]} 30. Ra5 {[%clk 0:35:09]} h6
{[%clk 0:47:30]} 31. Rea1 {[%clk 0:34:30]} Re8 {[%clk 0:47:29]} 32. Rxa6
{[%clk 0:33:23]} Rxe4 {[%clk 0:47:47]} 33. Ra8+ {[%clk 0:33:40]} Kh7
{[%clk 0:48:16]} 34. R8a7 {[%clk 0:34:01]} Rf4 {[%clk 0:47:58]} 35. f3
{[%clk 0:34:11]} Rf6 {[%clk 0:46:05]} 36. Kf1 {[%clk 0:34:17]} Kg6
{[%clk 0:43:51]} 37. Rb7 {[%clk 0:34:26]} Rc6 {[%clk 0:44:10]} 38. g4
{[%clk 0:32:21]} Rc3 {[%clk 0:44:04]} 0-1

[Event "14th Iranian Super League (Men - 1st Season) 2015 "]
[Site "Mazandaran (Sari)"]
[Date "2015.07.18"]
[Round "2"]
[Board "1"]
[White "Khodashenas, Mersad"]
[Black "Pashikian, Arman"]
[Result "0-1"]
[WhiteElo "2340"]
[BlackElo "2612"]
[PlyCount "0"]
[EventDate "2015.07.17"]
[EventType "team"]
[EventRounds "13"]
[EventCountry "IRI"]
[WhiteTeam "Faravardehai nasouz Azarakhsh"]
[BlackTeam "Sipa"]

1. e4 {[%clk 1:30:58]} e5 {[%clk 1:30:53]} 2. Nf3 {[%clk 1:31:19]} Nc6
{[%clk 1:31:09]} 3. Bb5 {[%clk 1:31:40]} a6 {[%clk 1:31:32]} 4. Ba4
{[%clk 1:32:03]} Nf6 {[%clk 1:31:58]} 5. O-O {[%clk 1:32:23]} Be7
{[%clk 1:32:22]} 6. Re1 {[%clk 1:32:45]} b5 {[%clk 1:32:21]} 7. Bb3
{[%clk 1:33:12]} d6 {[%clk 1:32:40]} 8. c3 {[%clk 1:32:15]} O-O {[%clk 1:33:03]}
9. h3 {[%clk 1:32:37]} Nb8 {[%clk 1:33:23]} 10. d4 {[%clk 1:32:56]} Nbd7
{[%clk 1:33:48]} 11. Nbd2 {[%clk 1:33:18]} Bb7 {[%clk 1:34:12]} 12. Bc2
{[%clk 1:33:40]} Re8 {[%clk 1:34:31]} 13. Nf1 {[%clk 1:34:08]} Bf8
{[%clk 1:34:49]} 14. Ng3 {[%clk 1:34:29]} g6 {[%clk 1:35:13]} 15. a4
{[%clk 1:34:34]} c5 {[%clk 1:34:50]} 16. d5 {[%clk 1:33:47]} c4 {[%clk 1:35:15]}
17. Bg5 {[%clk 1:34:08]} Nc5 {[%clk 1:31:13]} 18. Qd2 {[%clk 1:32:37]} Be7
{[%clk 1:31:28]} 19. Ra2 {[%clk 1:20:27]} Rb8 {[%clk 1:19:13]} 20. axb5
{[%clk 1:15:05]} axb5 {[%clk 1:19:39]} 21. Rea1 {[%clk 1:14:59]} Bc8
{[%clk 1:12:53]} 22. Ra7 {[%clk 1:10:21]} Nfd7 {[%clk 1:06:42]} 23. Be3
{[%clk 1:05:14]} Qb6 {[%clk 0:59:39]} 24. Kh2 {[%clk 0:56:28]} Bb7 25. Ng1
{[%clk 0:51:05]} Ra8 {[%clk 0:55:29]} 26. Rxa8 {[%clk 0:50:55]} Rxa8
{[%clk 0:55:33]} 27. Rf1 {[%clk 0:49:59]} Ra2 {[%clk 0:52:19]} 28. Bb1
{[%clk 0:48:51]} Ra1 29. f4 {[%clk 0:35:56]} exf4 {[%clk 0:50:56]} 30. Bxf4
{[%clk 0:34:49]} Ne5 {[%clk 0:50:38]} 31. Qf2 {[%clk 0:33:04]} Ncd7
{[%clk 0:46:52]} 32. Be3 {[%clk 0:32:45]} Qd8 {[%clk 0:46:21]} 33. Bd4
{[%clk 0:31:53]} Bf6 {[%clk 0:35:12]} 34. Nf3 {[%clk 0:26:17]} Qe7
{[%clk 0:34:58]} 35. Bc2 {[%clk 0:25:15]} Ra6 {[%clk 0:31:41]} 36. Qd2
{[%clk 0:22:16]} Bc8 {[%clk 0:30:18]} 37. Ne2 {[%clk 0:16:03]} Nc5
{[%clk 0:25:53]} 38. Bxc5 {[%clk 0:11:43]} dxc5 {[%clk 0:26:16]} 39. Neg1
{[%clk 0:12:08]} b4 {[%clk 0:25:14]} 40. Kh1 {[%clk 0:10:10]} Ra2
{[%clk 0:17:54]} 41. Bb1 {[%clk 0:05:58]} Nxf3 {[%clk 0:12:06]} 42. Qf2
{[%clk 0:02:39]} Rxb2 {[%clk 0:09:01]} 43. Qxb2 {[%clk 0:02:28]} Nxg1
{[%clk 0:09:12]} 44. Rxg1 {[%clk 0:01:24]} Bxc3 {[%clk 0:09:36]} 45. Qa2
{[%clk 0:01:43]} Bd4 {[%clk 0:08:33]} 46. Rf1 {[%clk 0:01:16]} Qd6
{[%clk 0:05:01]} 47. Qa7 {[%clk 0:00:47]} Bd7 {[%clk 0:04:57]} 48. Rc1
{[%clk 0:00:35]} Qf4 {[%clk 0:04:20]} 49. Rg1 {[%clk 0:00:37]} Be5
{[%clk 0:03:34]} 50. g3 {[%clk 0:01:06]} Qf3+ {[%clk 0:04:00]} 51. Kh2
{[%clk 0:01:34]} Qf2+ {[%clk 0:04:16]} 52. Kh1 {[%clk 0:01:35]} Bxh3
{[%clk 0:04:31]} 53. Qa2 {[%clk 0:01:15]} Qf3+ {[%clk 0:04:34]} 54. Kh2
{[%clk 0:01:44]} Qh5 {[%clk 0:04:53]} 55. Rg2 {[%clk 0:01:16]} Bg4+
{[%clk 0:05:04]} 56. Kg1 {[%clk 0:01:45]} Bd4+ {[%clk 0:05:29]} 0-1

[Event "14th Iranian Super League (Men - 1st Season) 2015 "]
[Site "Mazandaran (Sari)"]
[Date "2015.07.18"]
[Round "2"]
[Board "1"]
[White "Mahjoob Zardast, Morteza"]
[Black "Guseinov, Gadir"]
[Result "0-1"]
[WhiteElo "2392"]
[BlackElo "2616"]
[PlyCount "0"]
[EventDate "2015.07.17"]
[EventType "team"]
[EventRounds "13"]
[EventCountry "IRI"]
[WhiteTeam "Perspolis Tehran"]
[BlackTeam "Shahrdari Tabriz"]

1. e4 {[%clk 1:29:34]} c5 {[%clk 1:30:18]} 2. Nf3 {[%clk 1:29:59]} Nc6
{[%clk 1:30:38]} 3. d4 {[%clk 1:29:53]} cxd4 {[%clk 1:30:43]} 4. Nxd4
{[%clk 1:30:42]} g6 {[%clk 1:27:25]} 5. c4 Bg7 {[%clk 1:24:47]} 6. Be3
{[%clk 1:31:04]} Qb6 {[%clk 1:20:09]} 7. Nb3 Qd8 {[%clk 1:20:18]} 8. Nc3
{[%clk 1:23:52]} Nf6 9. Be2 d6 {[%clk 1:20:04]} 10. O-O {[%clk 1:15:30]} O-O
{[%clk 1:20:19]} 11. f3 {[%clk 1:12:22]} a5 {[%clk 1:16:13]} 12. Na4
{[%clk 1:11:27]} Nd7 {[%clk 1:16:28]} 13. Qc1 {[%clk 0:40:50]} b6
{[%clk 1:14:24]} 14. Rd1 {[%clk 0:39:44]} Ba6 {[%clk 1:12:44]} 15. Rd2 Nc5
{[%clk 1:03:49]} 16. Nc3 {[%clk 0:32:30]} a4 {[%clk 1:00:33]} 17. Nxc5
{[%clk 0:32:51]} bxc5 {[%clk 1:00:58]} 18. Nxa4 {[%clk 0:00:00]} Qa5
{[%clk 1:03:33]} 19. Nc3 {[%clk 0:28:41]} Rfb8 {[%clk 1:00:53]} 20. Nb5
{[%clk 0:25:41]} Bxb5 {[%clk 0:58:56]} 21. cxb5 {[%clk 0:26:05]} Nd4
{[%clk 0:59:24]} 22. Bc4 {[%clk 0:26:24]} Nxb5 {[%clk 0:59:41]} 23. Rf2
{[%clk 0:22:55]} Qb4 {[%clk 0:52:26]} 24. Qf1 {[%clk 0:15:47]} Nc7
{[%clk 0:37:23]} 25. Rb1 {[%clk 0:14:49]} e6 {[%clk 0:36:10]} 26. Rc2
{[%clk 0:12:23]} d5 {[%clk 0:22:34]} 27. exd5 {[%clk 0:12:40]} exd5
{[%clk 0:22:59]} 28. Bf4 {[%clk 0:09:13]} Ra7 {[%clk 0:15:34]} 29. a3
{[%clk 0:05:43]} Qa4 {[%clk 0:15:53]} 30. b3 {[%clk 0:04:40]} Qc6
{[%clk 0:16:16]} 31. Bxc7 {[%clk 0:03:42]} Rxc7 {[%clk 0:16:37]} 32. Be2
{[%clk 0:03:12]} Qb6 {[%clk 0:16:57]} 33. Kh1 {[%clk 0:02:11]} c4
{[%clk 0:14:42]} 34. Qd1 {[%clk 0:02:19]} Re7 {[%clk 0:14:16]} 35. Rd2
{[%clk 0:01:23]} c3 {[%clk 0:09:47]} 36. Rxd5 {[%clk 0:01:26]} Rbe8
{[%clk 0:09:12]} 37. Bb5 {[%clk 0:00:40]} c2 {[%clk 0:07:33]} 38. Bd3 0-1

[Event "14th Iranian Super League (Men - 1st Season) 2015 "]
[Site "Mazandaran (Sari)"]
[Date "2015.07.18"]
[Round "2"]
[Board "2"]
[White "Ghaem Maghami, Ehsan"]
[Black "Asgarizadeh, Ahmad"]
[Result "1-0"]
[WhiteElo "2570"]
[BlackElo "2417"]
[PlyCount "0"]
[EventDate "2015.07.17"]
[EventType "team"]
[EventRounds "13"]
[EventCountry "IRI"]
[WhiteTeam "Shahrdari Tabriz"]
[BlackTeam "Perspolis Tehran"]

1. c4 {[%clk 1:26:28]} c5 {[%clk 1:29:09]} 2. Nf3 {[%clk 1:26:32]} Nf6
{[%clk 1:29:21]} 3. Nc3 {[%clk 1:23:52]} Nc6 {[%clk 1:29:45]} 4. d4
{[%clk 1:17:19]} cxd4 {[%clk 1:29:42]} 5. Nxd4 {[%clk 1:17:44]} e6
{[%clk 1:30:06]} 6. a3 {[%clk 1:17:23]} Bc5 {[%clk 1:28:31]} 7. Nb3
{[%clk 1:11:59]} Bb6 {[%clk 1:28:44]} 8. c5 {[%clk 1:07:22]} Bc7 {[%clk 1:28:48]}
9. g3 {[%clk 1:07:37]} O-O {[%clk 1:13:55]} 10. Bg2 {[%clk 1:07:08]} b6
{[%clk 1:01:55]} 11. O-O {[%clk 1:02:54]} Rb8 12. Nb5 {[%clk 0:53:22]} bxc5 13.
Nxc7 {[%clk 0:52:19]} Qxc7 {[%clk 0:34:06]} 14. Nxc5 d6 {[%clk 0:33:16]} 15. Nd3
{[%clk 0:51:56]} Bb7 {[%clk 0:28:22]} 16. Bg5 {[%clk 0:30:35]} Ne7
{[%clk 0:20:49]} 17. Rc1 {[%clk 0:24:33]} Qa5 {[%clk 0:20:51]} 18. Bd2
{[%clk 0:22:32]} Qb5 {[%clk 0:19:24]} 19. a4 {[%clk 0:21:01]} Qd7
{[%clk 0:19:13]} 20. f3 {[%clk 0:20:49]} Ba6 {[%clk 0:17:15]} 21. Nb4
{[%clk 0:16:35]} Bb7 {[%clk 0:16:05]} 22. Rf2 {[%clk 0:15:46]} Rfc8
{[%clk 0:15:53]} 23. Rxc8+ {[%clk 0:15:30]} Bxc8 {[%clk 0:11:04]} 24. e4
{[%clk 0:15:10]} d5 {[%clk 0:09:07]} 25. e5 {[%clk 0:12:42]} Ne8 {[%clk 0:09:27]}
26. Nd3 {[%clk 0:12:42]} Nc6 {[%clk 0:08:49]} 27. b4 {[%clk 0:12:25]} a6
{[%clk 0:08:57]} 28. Qa1 {[%clk 0:11:50]} Nc7 {[%clk 0:08:37]} 29. f4
{[%clk 0:11:45]} Na8 {[%clk 0:04:27]} 30. Bf1 {[%clk 0:09:28]} Qa7
{[%clk 0:02:25]} 31. Qc3 {[%clk 0:09:16]} Bd7 {[%clk 0:02:17]} 32. Qc5
{[%clk 0:09:07]} Nb6 {[%clk 0:02:02]} 33. Nb2 {[%clk 0:08:23]} Qb7
{[%clk 0:01:11]} 34. a5 {[%clk 0:03:42]} Nc8 {[%clk 0:01:17]} 35. Nd3
{[%clk 0:04:06]} N6e7 {[%clk 0:01:02]} 36. Qc2 {[%clk 0:02:47]} Bb5
{[%clk 0:01:31]} 37. Nc5 {[%clk 0:03:10]} Qc6 {[%clk 0:01:50]} 38. Bg2
{[%clk 0:03:11]} Qe8 {[%clk 0:00:58]} 39. g4 {[%clk 0:03:35]} Nc6
{[%clk 0:01:12]} 40. f5 {[%clk 0:02:29]} exf5 {[%clk 0:01:27]} 41. Qxf5
{[%clk 0:02:22]} N8e7 {[%clk 0:01:42]} 42. Qh5 {[%clk 0:02:24]} Ng6
{[%clk 0:01:44]} 43. e6 {[%clk 0:02:19]} fxe6 {[%clk 0:01:33]} 44. Nxe6
{[%clk 0:02:42]} Nge5 {[%clk 0:00:47]} 45. Qxe8+ {[%clk 0:02:33]} Rxe8
{[%clk 0:01:12]} 46. Nc7 {[%clk 0:01:57]} Rd8 {[%clk 0:00:48]} 47. Bxd5+
{[%clk 0:02:11]} Kh8 {[%clk 0:00:40]} 48. Nxb5 {[%clk 0:02:26]} axb5
{[%clk 0:01:05]} 49. Bc3 {[%clk 0:02:35]} 1-0

[Event "14th Iranian Super League (Men - 1st Season) 2015 "]
[Site "Mazandaran (Sari)"]
[Date "2015.07.18"]
[Round "2"]
[Board "3"]
[White "Moosavian, S.Hamed"]
[Black "Golizadeh, Asghar"]
[Result "0-1"]
[WhiteElo "2341"]
[BlackElo "2448"]
[PlyCount "0"]
[EventDate "2015.07.17"]
[EventType "team"]
[EventRounds "13"]
[EventCountry "IRI"]
[WhiteTeam "Perspolis Tehran"]
[BlackTeam "Shahrdari Tabriz"]

1. e4 {[%clk 1:26:59]} c5 {[%clk 1:30:34]} 2. Nf3 {[%clk 1:27:20]} e6
{[%clk 1:28:51]} 3. d4 {[%clk 1:27:43]} cxd4 {[%clk 1:29:15]} 4. Nxd4
{[%clk 1:28:09]} a6 {[%clk 1:29:37]} 5. Bd3 {[%clk 1:28:30]} Bc5 {[%clk 1:29:09]}
6. Nb3 {[%clk 1:28:50]} Be7 {[%clk 1:29:32]} 7. Qg4 {[%clk 1:29:02]} Bf6
{[%clk 1:27:04]} 8. O-O {[%clk 1:27:53]} Ne7 {[%clk 1:26:33]} 9. f4
{[%clk 1:21:50]} d6 {[%clk 1:26:12]} 10. Nc3 {[%clk 1:20:37]} Nbc6
{[%clk 1:19:34]} 11. a4 {[%clk 1:15:07]} O-O {[%clk 1:17:13]} 12. Qe2
{[%clk 1:10:24]} e5 {[%clk 1:13:59]} 13. f5 {[%clk 0:55:41]} Nd4 {[%clk 1:10:15]}
14. Nxd4 {[%clk 0:52:08]} exd4 {[%clk 1:10:37]} 15. Nd1 {[%clk 0:47:08]} Nc6
{[%clk 0:56:11]} 16. Nf2 {[%clk 0:46:53]} Ne5 17. Ng4 {[%clk 0:44:41]} Nxg4
{[%clk 0:56:27]} 18. Qxg4 {[%clk 0:45:09]} Bd7 {[%clk 0:54:12]} 19. Rf3 Re8
{[%clk 0:41:54]} 20. Rh3 {[%clk 0:38:19]} Bc6 {[%clk 0:39:03]} 21. Qh5
{[%clk 0:37:27]} Bxe4 {[%clk 0:35:40]} 22. Qxh7+ {[%clk 0:37:29]} Kf8
{[%clk 0:36:08]} 23. Qh8+ {[%clk 0:31:14]} Ke7 {[%clk 0:36:10]} 24. Qh5
{[%clk 0:31:43]} Bd5 {[%clk 0:36:30]} 25. Qg4 {[%clk 0:28:52]} Kd7
{[%clk 0:31:50]} 26. Bd2 {[%clk 0:24:16]} Qc7 {[%clk 0:30:58]} 27. Rc1
{[%clk 0:21:07]} Qc6 {[%clk 0:27:05]} 28. Bg5 {[%clk 0:18:19]} Bxg2
{[%clk 0:20:08]} 29. Rg3 {[%clk 0:18:44]} Be4 {[%clk 0:18:28]} 30. Bxf6
{[%clk 0:19:09]} gxf6 {[%clk 0:18:32]} 31. Qg7 {[%clk 0:19:24]} Bxd3
{[%clk 0:18:26]} 32. Qxf7+ {[%clk 0:13:42]} Re7 {[%clk 0:18:54]} 33. Qxf6
{[%clk 0:14:01]} Be4 {[%clk 0:19:04]} 34. Rf1 {[%clk 0:12:58]} Qc5
{[%clk 0:19:03]} 0-1